[Event "Challenge"]
[Site "http://www.queenalice.com/game.php?id=1768554"]
[Date "2021.9.2"]
[Round "-"]
[White "jpribeiro"]
[Black "Aguinaldo"]
[Result "0-1"]
[WhiteElo "1756"]
[BlackElo "1947"]

1. e4 e5 2. Nf3 d6 3. d4 Bg4 4. Bc4 exd4 5. Qxd4 Bxf3 6. gxf3 Qf6 7. Qxf6 Nxf6
8. Be3 c6 9. Nd2 b5 10. Be2 Be7 11. f4 Nbd7 12. O-O-O O-O 13. f3 a6 14. Rhg1 c5
15. Rg2 d5 16. e5 Ne8 17. Rdg1 g6 18. c3 Nc7 19. Nb3 a5 20. Kb1 a4 21. Nd2 c4
22. f5 Nxe5 23. fxg6 fxg6 24. Bh6 Rf7 25. f4 Nd7 26. f5 Rxf5 27. Bg4 Rf7 28. Be3
Ne5 29. Be2 a3 30. b4 cxb3 31. Nxb3 Nc4 32. Bxc4 bxc4 33. Nd4 Rb8+ 34. Ka1 Bf6
35. Rb1 Rxb1+ 0-1

[Event "Challenge"]
[Site "http://www.queenalice.com/game.php?id=1768555"]
[Date "2021.9.2"]
[Round "-"]
[White "Aguinaldo"]
[Black "jpribeiro"]
[Result "0-1"]
[WhiteElo "1935"]
[BlackElo "1787"]

1. e4 e5 2. Nf3 Nf6 3. d3 d6 4. Bg5 Be7 5. Nc3 O-O 6. Be2 Be6 7. Qd2 c5 8. h4
Nbd7 9. Nb5 a6 10. Nc3 h6 11. Be3 Ng4 12. g3 Nxe3 13. Qxe3 Nf6 14. Nh2 d5 15.
exd5 Bxd5 16. Nxd5 Nxd5 17. a3 Nxe3 18. fxe3 Rc8 19. c4 Qa5+ 20. Kf2 f5 21. Rhb1
f4 22. b4 fxe3+ 23. Kg1 cxb4 24. axb4 Qb6 25. b5 axb5 26. Rxb5 Qc6 27. Rab1 Rf2
28. Bf3 Rxf3 29. Nxf3 Qxf3 30. Rxb7 Qxg3+ 31. Kh1 Bxh4 32. Rg1 Qf3+ 33. Rg2 Qxb7
0-1

[Event "Challenge"]
[Site "http://www.queenalice.com/game.php?id=1768919"]
[Date "2021.9.6"]
[Round "-"]
[White "jpribeiro"]
[Black "Aguinaldo"]
[Result "0-1"]
[WhiteElo "1775"]
[BlackElo "1942"]

1. e4 e5 2. Nf3 d6 3. d4 exd4 4. Nxd4 Bd7 5. Bc4 Nf6 6. f3 c6 7. a4 a6 8. O-O
Be7 9. Be3 d5 10. exd5 cxd5 11. Bd3 O-O 12. Nf5 Bxf5 13. Bxf5 Nc6 14. c3 Na5 15.
b3 Qc7 16. Qd2 Nxb3 17. Qb2 Nxa1 18. Qxa1 Qe5 19. Bxh7+ Kxh7 20. Re1 Qc7 21. Bd4
Bc5 22. Kh1 Bxd4 23. cxd4 Rfc8 24. Nd2 Qc3 25. Qxc3 Rxc3 26. Kg1 Rd3 27. Re2
Rxd4 28. a5 Rc8 29. Kf2 Ra4 0-1

[Event "Challenge"]
[Site "http://www.queenalice.com/game.php?id=1768920"]
[Date "2021.9.6"]
[Round "-"]
[White "Aguinaldo"]
[Black "jpribeiro"]
[Result "0-1"]
[WhiteElo "1951"]
[BlackElo "1757"]

1. e4 e5 2. Nf3 Nf6 3. d3 Be7 4. Bg5 d6 5. Nc3 O-O 6. Be2 Be6 7. Qd2 Nbd7 8. h4
h6 9. Bxf6 Nxf6 10. Nh2 c5 11. g4 Rc8 12. f3 Nh7 13. O-O-O a6 14. Kb1 b5 15. Nf1
Bxh4 16. f4 exf4 17. Qxf4 Bg5 18. Qg3 Bf6 19. Nd5 Bxd5 20. exd5 Qb6 21. Bf3 c4
22. dxc4 bxc4 23. b3 cxb3 24. cxb3 Qc5 25. Be4 Qb4 26. Bxh7+ Kxh7 27. Qd3+ Kg8
28. Qd2 Qe4+ 29. Qd3 Qxh1 30. Ne3 Qh2 31. Rd2 Qe5 32. Nc4 Qa1+ 33. Kc2 Qxa2+ 34.
Kd1 Qa1+ 35. Ke2 Rfe8+ 36. Kf2 Qe1+ 37. Kg2 Bg5 38. Rf2 Bh4 39. Rf1 Re2+ 40. Kg1
Bf2+ 41. Kg2 Be3+ 42. Kh3 Qxf1+ 43. Kg3 Qf4+ 44. Kh3 Rh2# 0-1

[Event "Challenge"]
[Site "http://www.queenalice.com/game.php?id=1769580"]
[Date "2021.9.11"]
[Round "-"]
[White "Aguinaldo"]
[Black "crisvolei"]
[Result "1-0"]
[WhiteElo "1945"]
[BlackElo "1507"]

1. e4 e5 2. Nf3 Qf6 3. d3 h6 4. Be3 c5 5. Nc3 Ne7 6. Bxc5 b6 7. Be3 d5 8. exd5
Nf5 9. d4 exd4 10. Bxd4 Nxd4 11. Qxd4 Bc5 12. Qe5+ Qxe5+ 13. Nxe5 Bf5 14. Bb5+
Kd8 15. Nxf7+ Kc7 16. Nxh8 Nd7 17. Bxd7 Kxd7 18. Nf7 Bxc2 19. O-O Bd3 20. Ne5+
Kd6 21. Nxd3 Bd4 22. Rad1 a6 23. Nf4 Be5 24. Ne4+ Kd7 25. Nd3 Bf6 26. Nxf6+ gxf6
27. Nb4 a5 28. Nc6 a4 29. Rfe1 f5 30. Re7+ Kd6 31. Re6+ Kc5 32. Rxh6 b5 33. Rh5
f4 34. Nd4 Kb4 35. d6 a3 36. b3 Kc3 37. Nxb5+ Kc2 38. Rhd5 f3 39. d7 Rd8 40.
R1d2+ Kb1 41. Nxa3+ Kc1 42. gxf3 Rg8+ 43. Kf1 Rd8 44. Rc2# 1-0

[Event "Challenge"]
[Site "http://www.queenalice.com/game.php?id=1769581"]
[Date "2021.9.11"]
[Round "-"]
[White "crisvolei"]
[Black "Aguinaldo"]
[Result "0-1"]
[WhiteElo "1505"]
[BlackElo "1955"]

1. e4 e5 2. Qf3 d6 3. Bc4 Qf6 4. Nh3 Bxh3 5. Qxh3 Nd7 6. O-O O-O-O 7. c3 Kb8 8.
d4 exd4 9. f4 dxc3 10. Nxc3 Qd4+ 11. Be3 Qxc4 12. Nd5 Qxe4 13. Rad1 c6 14. Nc3
Qb4 15. Rd2 Ndf6 16. Rfd1 d5 17. Qf5 g6 18. Qe5+ Bd6 19. Qg5 Bc5 20. Bxc5 Qxc5+
21. Kh1 h6 22. Qe5+ Qd6 23. Nxd5 Qxe5 24. fxe5 Ng4 25. Kg1 cxd5 26. Re1 h5 27.
h4 N8h6 28. b4 Rhe8 29. e6 fxe6 30. a4 e5 31. a5 e4 32. b5 e3 33. Rd3 d4 34. a6
b6 35. Re2 Rd5 36. g3 Nf5 37. Kg2 Rxb5 38. Ra3 Rc8 39. Kf3 Rc3 40. Rxc3 dxc3 41.
Rc2 Nd4+ 42. Ke4 Nxc2 43. Kd3 Na3 44. Kxc3 Ra5 45. Kd3 Rxa6 46. Ke2 b5 47. Kf3
b4 48. Kf4 b3 49. Kg5 e2 0-1

[Event "Challenge"]
[Site "http://www.queenalice.com/game.php?id=1771037"]
[Date "2021.9.29"]
[Round "-"]
[White "jpribeiro"]
[Black "Aguinaldo"]
[Result "0-1"]
[WhiteElo "1743"]
[BlackElo "1957"]

1. e4 e5 2. Nf3 d6 3. d4 exd4 4. Nxd4 Bd7 5. a4 g6 6. Bc4 Qe7 7. O-O Nc6 8. f3
Nxd4 9. Qxd4 f6 10. Nc3 c5 11. Qd5 Bc6 12. Qe6 Qxe6 13. Bxe6 Ke7 14. Bc4 a6 15.
Nd5+ Bxd5 16. Bxd5 Rb8 17. Bf4 Bg7 18. Rad1 b5 19. Bxg8 Rbxg8 20. Bxd6+ Ke6 21.
Bxc5 Rc8 22. Rd6+ Ke5 23. Rd5+ Ke6 24. Rfd1 Rhe8 25. Rd6+ Kf7 26. Rd7+ Kg8 27.
b4 bxa4 28. Rb7 Red8 29. Rdd7 Rxd7 30. Rxd7 a3 31. Rd1 f5 32. Bd4 Bxd4+ 33. Rxd4
Rxc2 34. Rd8+ Kf7 35. exf5 Rc1+ 36. Kf2 a2 0-1

[Event "Challenge"]
[Site "http://www.queenalice.com/game.php?id=1772527"]
[Date "2021.10.17"]
[Round "-"]
[White "cristal_negro"]
[Black "Aguinaldo"]
[Result "1-0"]
[WhiteElo "1871"]
[BlackElo "1950"]

1. e4 e5 2. Nf3 d6 3. c3 Bg4 4. Be2 Nc6 5. O-O Be7 6. d3 Nf6 7. Nbd2 Qd7 8. b4
O-O-O 9. Ng5 Rdf8 10. Nb3 Bxe2 11. Qxe2 h6 12. Nf3 b6 13. a4 Nh7 14. a5 Kb7 15.
d4 exd4 16. Qb5 a6 17. Qd3 b5 18. Nfxd4 Nxd4 19. Nxd4 c5 20. Nf5 Rhg8 21. Qd5+
Kc7 22. Bf4 Nf6 23. Qd3 g6 24. Nxe7 Qxe7 25. Rfe1 Nd7 26. Red1 Ne5 27. Bxe5 dxe5
28. Qe3 Rd8 29. bxc5 g5 30. c6 Rxd1+ 31. Rxd1 Kb8 32. Qb6+ Ka8 33. Rd7 Rb8 34.
Qxa6# 1-0

[Event "AUTO-ADV-4483"]
[Site "http://www.queenalice.com/game.php?id=1773567"]
[Date "2021.10.30"]
[Round "2"]
[White "Rafale2000"]
[Black "Aguinaldo"]
[Result "1/2-1/2"]
[WhiteElo "2037"]
[BlackElo "1939"]

1. e4 e5 2. Nf3 d6 3. d4 exd4 4. Nxd4 b6 5. Nc3 Nf6 6. Bg5 Be7 7. Bd3 h6 8. Be3
Bg4 9. f3 Bd7 10. O-O Nc6 11. a3 Nxd4 12. Bxd4 c5 13. Bf2 Qc7 14. Re1 O-O 15.
Nd5 Nxd5 16. exd5 Bf6 17. c3 Rfe8 18. Qd2 Rxe1+ 19. Rxe1 Re8 20. Rxe8+ Bxe8 21.
Qe2 Bd7 22. c4 Qc8 23. Qe4 g6 24. b3 Bf5 25. Qe3 Bd4 26. Qe2 Bxd3 27. Qxd3 Bxf2+
28. Kxf2 Qe8 29. Qe3 Qxe3+ 30. Kxe3 Kg7 31. h4 Kf6 32. Ke4 Kg7 33. b4 f5+ 34.
Kf4 cxb4 35. axb4 Kf6 36. b5 g5+ 37. hxg5+ hxg5+ 38. Ke3 Ke5 39. g3 f4+ 40.
gxf4+ gxf4+ 41. Kd3 Kf5 42. Kd2 Ke5 43. Kd3 Kf6 1/2-1/2

[Event "AUTO-ADV-4483"]
[Site "http://www.queenalice.com/game.php?id=1773568"]
[Date "2021.10.30"]
[Round "2"]
[White "Aguinaldo"]
[Black "Rafale2000"]
[Result "1/2-1/2"]
[WhiteElo "1973"]
[BlackElo "2070"]

1. e4 Nf6 2. d3 d5 3. exd5 Nxd5 4. g3 b6 5. Bg2 Bb7 6. Bxd5 Bxd5 7. f3 e6 8. Nc3
Bb7 9. Be3 Bb4 10. Bd2 Nc6 11. a3 Be7 12. Qe2 Nd4 13. Qd1 O-O 14. Ne4 c5 15. c3
Nf5 16. Qe2 Nd6 17. O-O-O Ba6 18. Nxd6 Qxd6 19. c4 Rfd8 20. Bc3 b5 21. Be5 Qb6
22. cxb5 Bxb5 23. Qe3 Bd6 24. Bxd6 Rxd6 25. Nh3 Rad8 26. Nf2 c4 27. Qxb6 axb6
28. dxc4 Bxc4 29. Rxd6 Rxd6 30. Rd1 Rxd1+ 31. Kxd1 f5 32. Kd2 Kf7 33. Kc3 Be2
34. f4 Kf6 35. Kd4 g5 36. fxg5+ Kxg5 37. b3 Kf6 38. Ke3 Ba6 39. g4 fxg4 40.
Nxg4+ Kf5 41. Nf2 h5 42. b4 Bc4 43. a4 Bb3 44. a5 bxa5 45. bxa5 Bc4 46. h3 Ba6
47. Nd3 Bb7 48. Nc5 Bc6 49. a6 e5 50. a7 Ba8 51. Nd7 Kg5 52. Nxe5 Kh4 53. Nf3+
Kxh3 54. Kf2 Kg4 55. Nh2+ Kh3 56. Nf3 Kg4 57. Nh2+ Kf4 58. Nf1 h4 59. Kg1 Kf3
60. Nh2+ Ke2 61. Nf1 Bb7 62. Nh2 h3 63. Ng4 Kf3 64. Nh2+ Kf4 65. Nf1 Ke5 66. Nd2
Kd6 67. Kh2 Bg2 68. Nc4+ Kc7 69. Ne5 Kb6 70. a8=Q Bxa8 71. Kxh3 Bc6 72. Nxc6
Kxc6 73. Kg4 Kd5 1/2-1/2

[Event "AUTO-ADV-4483"]
[Site "http://www.queenalice.com/game.php?id=1773570"]
[Date "2021.10.30"]
[Round "2"]
[White "Aguinaldo"]
[Black "Wecker"]
[Result "1-0"]
[WhiteElo "1961"]
[BlackElo "1879"]

1. e4 e5 2. Nf3 Nc6 3. Bb5 a6 4. Bxc6 dxc6 5. d4 exd4 6. Qxd4 Bd7 7. Ne5 Nf6 8.
Nxd7 Qxd7 9. Qxd7+ Nxd7 10. Be3 O-O-O 11. Nc3 b6 12. O-O Bc5 13. Bxc5 Nxc5 14.
Rad1 Rhe8 15. f3 Ne6 16. Rxd8+ Rxd8 17. Rd1 Nd4 18. Rc1 b5 19. Kf2 c5 20. Nd5 c6
21. Nf4 Kd7 22. Rd1 Ke7 23. c3 Ne6 24. Rxd8 Nxd8 25. Ke3 Ne6 26. Nd3 a5 27. f4
c4 28. Ne5 c5 29. Nc6+ Kd6 30. Nxa5 Kc7 31. b4 Kb6 32. a3 cxb4 33. axb4 Nc7 34.
h4 g6 35. g4 f6 36. f5 gxf5 37. gxf5 Ne8 38. Kf4 h5 39. e5 Kc7 40. exf6 Nxf6 41.
Kg5 Ne4+ 42. Kxh5 Nxc3 43. f6 Kd7 44. Kg6 Nd5 45. f7 Nf4+ 46. Kg7 Ne6+ 47. Kg8
c3 48. h5 c2 49. Nb3 1-0

[Event "AUTO-MASTER-3073"]
[Site "http://www.queenalice.com/game.php?id=1774393"]
[Date "2021.11.9"]
[Round "1"]
[White "e4d4sf3"]
[Black "Aguinaldo"]
[Result "0-1"]
[WhiteElo "2071"]
[BlackElo "1931"]

1. e4 e5 2. Nf3 d6 3. d4 exd4 4. Nxd4 Qe7 5. Be2 Nf6 6. Nc3 Bd7 7. O-O Nc6 8.
Nxc6 Bxc6 9. Bg5 h6 10. Bxf6 Qxf6 11. Bb5 Bxb5 12. Nxb5 Qd8 13. Nc3 Qd7 14. Re1
O-O-O 15. Qd4 Kb8 16. a4 f6 17. Nb5 c5 18. Qd3 a6 19. Nc3 Qc6 20. Nd5 c4 21. Qf3
Rd7 22. b4 Rf7 0-1

[Event "AUTO-MASTER-3073"]
[Site "http://www.queenalice.com/game.php?id=1774394"]
[Date "2021.11.9"]
[Round "1"]
[White "Aguinaldo"]
[Black "e4d4sf3"]
[Result "1-0"]
[WhiteElo "1953"]
[BlackElo "2049"]

1. e4 c6 2. b3 d5 3. exd5 cxd5 4. Bb2 Nf6 5. Bxf6 gxf6 6. Qf3 Nc6 7. Bb5 a6 8.
Bxc6+ bxc6 9. Nc3 e5 10. O-O-O Ba3+ 11. Kb1 a5 12. Nge2 a4 13. Nxa4 Rxa4 14.
bxa4 Qb6+ 15. Qb3 Qc5 16. d4 Qd6 17. g3 Bf5 18. dxe5 fxe5 19. Ka1 O-O 20. f4 Rb8
21. Qf3 Bb2+ 22. Kb1 1-0

[Event "AUTO-MASTER-3073"]
[Site "http://www.queenalice.com/game.php?id=1774407"]
[Date "2021.11.9"]
[Round "1"]
[White "Aguinaldo"]
[Black "Anusha"]
[Result "0-1"]
[WhiteElo "1906"]
[BlackElo "2022"]

1. e4 e6 2. d4 d5 3. exd5 exd5 4. Bd3 Nc6 5. Bb5 Bd7 6. Qe2+ Qe7 7. Bxc6 Bxc6 8.
Bf4 Nf6 9. Bg5 O-O-O 10. c3 Qd6 11. Nd2 Be7 12. O-O-O Rhe8 13. Qd3 Kb8 14. Bxf6
Bxf6 15. Ngf3 a6 16. g3 h6 17. Rde1 Bb5 18. Qc2 Bd7 0-1

[Event "AUTO-MASTER-3073"]
[Site "http://www.queenalice.com/game.php?id=1774408"]
[Date "2021.11.9"]
[Round "1"]
[White "Anusha"]
[Black "Aguinaldo"]
[Result "1-0"]
[WhiteElo "2010"]
[BlackElo "1922"]

1. d4 e6 2. Nf3 b6 3. Bf4 f6 4. e3 g5 5. Bg3 Bb7 6. Nc3 Bb4 7. Bd3 Bxc3+ 8. bxc3
Qe7 9. Qe2 h5 10. h3 Qg7 11. Bxc7 Na6 12. Bxa6 Bxa6 13. Qxa6 Nh6 14. Bxb6 O-O
15. Bc5 1-0

[Event "AUTO-MASTER-3073"]
[Site "http://www.queenalice.com/game.php?id=1774409"]
[Date "2021.11.9"]
[Round "1"]
[White "Aguinaldo"]
[Black "Alexandrovinsk"]
[Result "0-1"]
[WhiteElo "1910"]
[BlackElo "2334"]

1. e4 c5 2. Nf3 d6 3. Bb5+ Nc6 4. Bxc6+ bxc6 5. d3 e5 6. Nc3 h6 7. Be3 Bg4 8. h3
Be6 9. b3 Ne7 10. Qd2 Ng6 11. g4 d5 12. exd5 cxd5 13. Bxh6 gxh6 14. O-O-O Bg7
15. Rde1 Qa5 16. Na4 Qb4 17. Qxb4 cxb4 18. g5 hxg5 19. Nxg5 Bh6 20. f4 Nxf4 21.
Rxe5 f6 22. Ree1 Bxg5 23. Nc5 Nxd3+ 24. Kb1 Nxc5 25. Kb2 Kd7 26. a3 a5 27. a4
Bd2 28. Re2 Bc3+ 29. Kc1 Rh4 30. Rg2 f5 0-1

[Event "AUTO-MASTER-3073"]
[Site "http://www.queenalice.com/game.php?id=1774410"]
[Date "2021.11.9"]
[Round "1"]
[White "Alexandrovinsk"]
[Black "Aguinaldo"]
[Result "1-0"]
[WhiteElo "2335"]
[BlackElo "1908"]

1. e4 e5 2. Nf3 d6 3. Bc4 Bg4 4. d4 exd4 5. c3 dxc3 6. Nxc3 Nc6 7. O-O Qd7 8. h3
Bh5 9. Be2 Nf6 10. Be3 Be7 11. Nd4 Bxe2 12. Qxe2 Nxd4 13. Bxd4 c5 14. Be3 a6 15.
a4 O-O 16. Rfd1 Qc8 17. Rac1 Qc6 18. Bf4 b5 19. e5 dxe5 20. Bxe5 Rfe8 21. axb5
axb5 22. Qxb5 Qxb5 23. Nxb5 Red8 24. Na3 Rxd1+ 25. Rxd1 Ne4 26. f3 1-0